000 00651cam a22002172 4500
001 0000008431
005 20151217154403.0
008 080411s xx 000 0 eng d
020 _a8129704390 :
_cKES 2540
040 _aKABU
_cKABU
100 1 _aSebesta, Robert W.
_@0000154364
245 1 0 _aProgramming the World Wide Web /
_cRobert W. Sebesta.
250 _a2nd ed.
260 _aNew Delhi :
_bPearson Education,
_c2003.
300 _axvi, 592 p.
650 0 _aInternet programming.
_@0000154340
650 0 _aWorld Wide Web.
_@0000154277
908 _a080411
950 _@1
999 _c10953
_d10953